000 00699nam a2200289Ia 4500
005 20260324141143.0
008 008 260324s9999 xx 000 0 eng d
020 _a9781315379500
037 _aEBOOK
040 _aCRL
040 _beng
040 _cCRL
041 _2eng
041 _aeng
084 _qCRL
100 _aIan Higginson
_91207129
245 0 _aHealth Care Needs Assessment
245 4 _bThe Epidemiologically Based Needs Assessment Reviews
260 _bTaylor and Francis
260 _c1997
365 _a
365 _b220
856 _uhttp://www.taylorfrancis.com/books/9781315379500
942 _cEBOOK
999 _c1809913
_d1809913